000 01404nam a2200229Ia 4500
999 _c21975
_d21975
003 OSt
005 20211007103738.0
008 160316s2002 xxu||||| |||| 00| 0 eng d
020 _a9781843921004
040 _cn
082 _a345.000000
_bSTO
100 _aStorey Tony
245 _aCriminal law
250 _a2nd
260 _aNew York
_bWilliam Publishing
_c2002
300 _a408p
_cxxi
365 _b Rs.1,399
505 _aContents: Introduction; Table of cases; Table of statutes; Part 1 General Principles 1; 1 Actus reus and mers rea; 2 Liability for omissions; 3 Recklessness; 4 Strict liability; Part 2 Homicide; 5 Murder; 6 Voluntary manslaughter; 7 Involuntary manslaughter; Part 3: Offences against the person; 8 Non-fatal offences against the person; 9 Consent; Part 4: Offences against property; 10 Theft and making off; 11 Robbery; 12 Burglary; 13 Criminal damage; Part 5: Defences; 14 Intoxication; 15 Insanity; 16 Automatism; 17 Mistake; 18 Duress; 19 Self-defence and the prevention of crime; Part 6 General Principles 2; 20 Participation; 21 Attempts; 22 Conspiracy and incitement; Part 7 General questions on criminal law; 23 Additional questions; 24 Criminal law in context; 25 Sources of law; 26 Key skills; Index
650 _a1.Criminal Law - U K
700 _aLidbury Alan
_a
942 _2ddc
_cBK